000 00500nam a2200169Ia 4500
999 _c419
_d419
003 OSt
005 20210902120639.0
008 190216s9999||||xx |||||||||||||| ||und||
040 _coclc
082 _a297
_bALS/H
100 _aAl Samarrai, Younas Sheikh Ibrahim
_98755
245 0 _aHakail An Li Baiti Wassahabathi /
_cYounas Sheikh Ibrahim Al Samarrai
260 _bAl Hind Printers,
_aTirur:
300 _a87p
650 _aArabic
942 _cBK
_2ddc
_h297
_iALS/H
_k297
_mALS/H